Complete Negotiator (Record no. 9483)

MARC details
000 -LEADER
fixed length control field 00636nam a2200241 a 4500
020 ## - INTERNATIONAL STANDARD BOOK NUMBER
ISBN 0285259
082 00 - DEWEY DECIMAL CLASSIFICATION NUMBER
Classification number 303.61
Author Cutter NIE
100 ## - MAIN ENTRY--AUTHOR NAME
Author name Nierenberg, Gerard I
245 ## - TITLE STATEMENT
Title Complete Negotiator
Sub title Newest, Most Comprehensive Techniques to Help You S
260 ## - PUBLICATION, DISTRIBUTION, ETC. (IMPRINT)
Place of publication Calcutta
Name of publisher Rupa and Company
Year of publication 1996
300 ## - PHYSICAL DESCRIPTION
Number of Pages 345p
500 ## - GENERAL NOTE
General note includes index and biblioraphy
505 2# - FORMATTED CONTENTS NOTE
Formatted contents note Index
650 ## - SUBJECT ADDED ENTRY--TOPICAL TERM
Topical Term Mediation
942 ## - ADDED ENTRY ELEMENTS (KOHA)
Koha item type Books
700 1# -
-- Nierenberg, Gerard I
Holdings
Collection code Home library Current library Date acquired Cost, normal purchase price Full call number Accession Number Koha item type
  Henry Martyn Institute Library Henry Martyn Institute Library 03/20/2007 95.00 303.61 NIE 019705 Books
                   Copyright © 2026 | Henry Martyn Institute | Hyderabad | TS-500052 | INDIA | Implemented by hmi.edu.in
Hit-Count:

Powered by Koha